|
|
|
|
| LEADER |
01000cam a22002652cc4500 |
| 001 |
098214829 |
| 003 |
DE-627 |
| 005 |
20220423123342.0 |
| 007 |
tu |
| 008 |
061003s1965 xx ||||| 00| ||fre c |
| 035 |
|
|
|a (DE-627)098214829
|
| 035 |
|
|
|a (DE-599)GBV098214829
|
| 035 |
|
|
|a (OCoLC)1240445920
|
| 040 |
|
|
|a DE-627
|b ger
|c DE-627
|e rakwb
|
| 041 |
|
|
|a fre
|
| 245 |
0 |
0 |
|a [Catalogue général des manuscrits des bibliothèques publiques de France/ Départements] Catalogue général des manuscrits des bibliothèques publiques de France. Départements
|n 55
|p Paris : Bibliothèque centrale du Muséum National d'Histoire Naturelle (supplément) / par Yves Laissus
|c Ministère de l'Instruction Publique et des Beaux-Arts
|
| 264 |
|
1 |
|c 1965
|
| 300 |
|
|
|a XVII, 199 S
|
| 336 |
|
|
|a Text
|b txt
|2 rdacontent
|
| 337 |
|
|
|a ohne Hilfsmittel zu benutzen
|b n
|2 rdamedia
|
| 338 |
|
|
|a Band
|b nc
|2 rdacarrier
|
| 700 |
1 |
|
|a Laissus, Yves
|4 oth
|
| 773 |
1 |
8 |
|w (DE-627)136202608
|w (DE-576)9136202606
|g 55
|q 64.1965
|7 nnam
|
| 912 |
|
|
|a GBV_ILN_350
|
| 912 |
|
|
|a ISIL_DE-2795
|
| 912 |
|
|
|a SYSFLAG_1
|
| 912 |
|
|
|a GBV_KXP
|
| 912 |
|
|
|a GBV_ILN_350_
|
| 951 |
|
|
|a MV
|
| 980 |
|
|
|2 350
|1 01
|x 8293
|b 097433160
|c 00
|f MAG3
|d Kq 7000 -55
|e i
|j --%%--
|y n
|z 17-05-01
|
| 984 |
|
|
|2 350
|1 01
|x 8293
|a 8293000796710
|
| 985 |
|
|
|2 350
|1 01
|x 8293
|a 71/1780
|